000 00771nam a2200229Ia 4500
003 GCL
008 140319s9999 xx 000 0 ara d
040 _aGCL /
_cGCL
082 0 4 _a953.02
_bس ح
100 1 _aسلام شافعى محمود سلام
245 1 0 _aحصون خيبر فى الجاهلية وعصر الرسول صلى الله عليه وسلم /
_cسلام شافعى محمود سلام
260 _a[S.N] :
_bمنشاة المعارف ،
_c1989
300 _a105 ص
490 _aكتب تاريخية
_v0
650 0 4 _aتاريخ
650 0 4 _aالتاريخ الاسلامى
650 0 4 _aاليهود
650 0 4 _aالغزوات الاسلامية
650 0 4 _aالمسلمون واليهود
650 0 4 _aخيبر
942 _2ddc
_cBK
999 _c32074
_d32074